000 00870nas a2200301 4500
001 BR8306299
003 BR-BrBNA
005 20231205085720.0
007 ta
008 230509b bl.|||p| |||| 00| 00por d
040 _aBR-BrBNA
_bpor
_cBiblioteca Nacional de Agricultura
041 _a(Pt)
072 _aL02; Q54
100 1 _aSilva, J.F.C. da
245 1 _aConcentrados energeticos para ruminantes
650 _aCONCENTRADO ENERGETICO
650 _aRUMINANTE
650 _aNUTRICAO ANIMAL
650 _aRACAO
650 _aCARBOIDRATO
650 _aLIPIDIO
650 _aSORGO
650 _aMILHO
650 _aSUBPRODUTO
773 0 _tInforme Agropecuario - Empresa de Pesquisa Agropecuaria de Minas Gerais (Brazil)
_xISSN 0100-3364
_g(Dec 1983), v. 9(108) p. 37-42
_wBR8306299
909 _a202311
_bLúcia
_c55
_dLúcia Elande
942 _2AGRIS
_n0
_cANA
999 _c113298
_d113298